000 00468nam a2200169Ia 4500
003 GCL
008 140319s9999 xx 000 0 eng d
040 _aGCL /
_cGCL
082 0 4 _a155.9
_bV E
100 1 _aVEITCH, RUSSELL
245 1 0 _aENVIRONMENTAL PSYCHOLOGY AN INTERDISCIPLINARY PERSPECTIVE /
_cVEITCH, RUSSELL
700 1 _aARKKELIN, BANID
260 _a[S.N] :
_bPRENTICE HALL, INC ،
_c1995
300 _a461 P
650 0 4 _aENVIRONMENTAL
942 _2ddc
_cBK
999 _c10484
_d10484